| 000 | 00789nas a2200265 i 4500 | ||
|---|---|---|---|
| 001 | 2615 | ||
| 003 | ES-MaACL | ||
| 005 | 20250710063338.0 | ||
| 007 | t| | ||
| 008 | 950801c1875 sp | | 1 ||pa d | ||
| 080 | _a(059)(460) | ||
| 245 | 0 | 0 | _aAlmanaque de la Gaceta industrial para... |
| 260 |
_aMadrid : _b[s.n.], _c1875- _f(Manuel Tello) |
||
| 300 |
_av. : _bil. ; _c21 cm. |
||
| 310 | _aAnual | ||
| 362 | 0 | _aAño 1º 1875- | |
| 655 | 0 |
_aAlmanaques _9241262 |
|
| 852 |
_aES-MaACL _cDEPOF _jT-370-F-9 _pAño 1880 |
||
| 852 |
_aES-MaACL _cDEPOF _jT-208-F-20 _pAño 1876 |
||
| 852 |
_aES-MaACL _cDEPOF _jT-310-F-6 _pAño 1879 |
||
| 852 |
_aES-MaACL _cDEPOF _jT-272-F-4-5 _pAños 1877-78 |
||
| 866 | 0 | _o1876-1880. | |
| 942 |
_2udc _cPERIODICA _n0 |
||
| 999 |
_c2615 _d2615 |
||